000 00527nam a2200193Ia 4500
005 20221114101851.0
008 131103s9999 xx 000 0 und d
040 _aLoreto College
041 _aEnglish
082 _a954.03
_bDES
245 _aPeasant struggles in India
_cEdited by A.R.Desai
260 _aBombay
_bOxford University Press
_c1979
300 _axxv,772p.
504 _aIncludesindex and bibliographical references
650 _aModern History
700 _aDesai,A.R;ed.
850 _aLCLIB
942 _cBK
999 _c9694
_d60173